000 00516nam a2200193Ia 4500
005 20240913130002.0
008 240913s9999||||xx |||||||||||||| ||und||
020 _a81-86366-66-0
041 _aENGLISH
082 _A500 P9
100 _aYesodharan E P
245 0 _aProceedings of the 21st Kerala Science Congress 2009
250 _a1st
260 _c2009
_bKerala State Council for Science TEchnology and Enviro
500 _aREFERENCE
650 _aProceedings
_bGeneral
942 _cREF
999 _c246710
_d246710